[Event "Challenge"]
[Site "http://www.queenalice.com/game.php?id=1209600"]
[Date "2013.8.19"]
[Round "-"]
[White "Fetter"]
[Black "Werni"]
[Result "0-1"]
[WhiteElo "1421"]
[BlackElo "2098"]

1. e4 c5 2. d3 Nc6 3. Be3 Nf6 4. Bxc5 Qa5+ 5. Nc3 Qxc5 6. Na4 Qa5+ 7. Nc3 e5 8.
Qd2 Bb4 9. a3 Bxc3 10. bxc3 O-O 11. Ne2 d5 12. Nc1 dxe4 13. Nb3 Qb6 14. a4 exd3
15. Bxd3 Rd8 16. a5 Qc7 17. Nc5 e4 18. Nxe4 Nxe4 19. Qe3 Nf6 20. Ra4 Nxa5 21.
Rh4 g6 22. Rh6 Ng4 23. Qg5 Nxh6 0-1

[Event "Challenge"]
[Site "http://www.queenalice.com/game.php?id=1213191"]
[Date "2013.8.30"]
[Round "-"]
[White "Werni"]
[Black "Zugswang"]
[Result "1/2-1/2"]
[WhiteElo "2086"]
[BlackElo "2195"]

1. e4 g6 2. d4 Bg7 3. Nc3 d6 4. Nf3 c5 5. dxc5 Qa5 6. cxd6 exd6 7. Bb5+ Bd7 8.
Nd4 Nc6 9. Be3 Nf6 10. O-O O-O 11. Nb3 Qc7 12. Bg5 Be6 13. Bxf6 Bxf6 14. Qf3 Kg7
15. Be2 Bxb3 16. axb3 Nd4 17. Qxf6+ Kxf6 18. Nd5+ Kg7 19. Nxc7 Nxe2+ 20. Kh1
Rac8 21. Nb5 Rxc2 22. Rxa7 Rxb2 23. Nxd6 Rxb3 24. Rxb7 Rxb7 25. Nxb7 Rb8 26. Nd6
Kf6 27. h3 Ke6 28. Rd1 Rd8 29. Rd2 Nc3 30. Rc2 Rxd6 31. Rxc3 Ke5 32. f3 h5 33.
Rc8 Kf4 34. Kh2 h4 35. Ra8 f6 36. Rh8 g5 37. Re8 Rb6 38. Rf8 Rc6 39. Rg8 Re6 40.
Rc8 Rb6 41. Rc5 Re6 42. Rc3 Rb6 43. Rc8 Re6 44. Rf8 Rc6 45. Rb8 Re6 46. Rd8
1/2-1/2

[Event "Challenge"]
[Site "http://www.queenalice.com/game.php?id=1213192"]
[Date "2013.8.30"]
[Round "-"]
[White "Zugswang"]
[Black "Werni"]
[Result "1/2-1/2"]
[WhiteElo "2192"]
[BlackElo "2090"]

1. e4 c5 2. Nc3 g6 3. g3 Bg7 4. Bg2 Nc6 5. Nge2 Nf6 6. d4 cxd4 7. Nxd4 Nxe4 8.
Nxc6 Nxc3 9. Nxd8 Nxd1 10. Nxf7 O-O 11. Kxd1 Rxf7 12. f4 d6 13. h3 Kf8 14. Re1
e5 15. c3 Bf5 16. Bd5 Rc7 17. g4 Bd7 18. f5 gxf5 19. gxf5 Rac8 20. Bg5 h6 21.
Bh4 Rc5 22. c4 Rxc4 23. Bxc4 Rxc4 24. Bg3 Rd4+ 25. Kc1 Rd3 26. Bf2 b6 27. Re3
Rxe3 28. Bxe3 Bxf5 29. h4 Kg8 30. Kd2 d5 31. Rg1 Kh8 32. Rc1 d4 33. Bf2 e4 34.
Bg3 e3+ 35. Ke2 Bg4+ 36. Kd3 Bf5+ 37. Ke2 Bg4+ 1/2-1/2

[Event "Challenge"]
[Site "http://www.queenalice.com/game.php?id=1232712"]
[Date "2013.11.16"]
[Round "-"]
[White "Akagi"]
[Black "Werni"]
[Result "0-1"]
[WhiteElo "1500"]
[BlackElo "2100"]

1. e4 c5 2. Nf3 g6 3. c3 Bg7 4. d4 cxd4 5. cxd4 a6 6. Nc3 b5 7. a4 b4 8. Nd5 Bb7
9. Bc4 Nf6 10. Nxf6+ exf6 11. Qb3 O-O 12. Bd5 Bxd5 13. Qxd5 Nc6 14. Bf4 f5 15.
Bd6 Re8 16. e5 Rc8 17. h4 Ne7 18. Qb3 a5 19. Ng5 Rf8 20. h5 Rc6 21. hxg6 Nxg6
22. Nxh7 Re8 23. Kf1 Qc8 24. Ng5 Rc1+ 25. Ke2 Qc2+ 26. Qxc2 Rxc2+ 27. Kf3 Rxb2
28. g3 Rd2 29. Ke3 Rc2 30. f4 Rec8 31. Bc5 f6 32. Nf3 fxe5 0-1

[Event "Challenge"]
[Site "http://www.queenalice.com/game.php?id=1232713"]
[Date "2013.11.16"]
[Round "-"]
[White "Werni"]
[Black "Akagi"]
[Result "1/2-1/2"]
[WhiteElo "2103"]
[BlackElo "2203"]

1. e4 c5 2. Nc3 e6 3. f4 a6 4. Nf3 d5 5. Be2 d4 6. Nb1 Be7 7. d3 Nf6 8. Nbd2 Nc6
9. O-O b5 10. a4 Bb7 11. axb5 axb5 12. Rxa8 Qxa8 13. c4 Ng4 14. cxb5 Ne3 15. Qe1
Nb4 16. Qg3 O-O 17. Rf2 Na2 18. Nb3 Nxc1 19. Nxc1 Qa1 20. Bf1 Qxc1 21. Nd2 f5
22. Qf3 Nd1 23. Nb3 fxe4 24. dxe4 Qb1 25. Bd3 Qxd3 26. Qxd3 Nxf2 27. Kxf2 Rxf4+
28. Kg1 Bxe4 29. Qe2 Bd5 30. b6 c4 31. Qe5 Re4 32. Qc7 Re1+ 33. Kf2 Bh4+ 34. g3
Rb1 35. Qc8+ Kf7 36. Nxd4 Rxb2+ 37. Ne2 Bf6 38. Qc7+ Kg6 39. Ke1 Rb1+ 40. Kd2
c3+ 41. Nxc3 Bxc3+ 42. Qxc3 Rxb6 43. Qd3+ Kf7 44. Qxh7 Rb2+ 45. Kc3 Rb3+ 46. Kd4
Rb4+ 47. Ke5 Re4+ 48. Kd6 Rc4 49. Qd3 Rc6+ 50. Ke5 Rc4 51. Qh7 Kf8 52. h3
1/2-1/2

[Event "Challenge"]
[Site "http://www.queenalice.com/game.php?id=1245144"]
[Date "2014.1.3"]
[Round "-"]
[White "Werni"]
[Black "adelio"]
[Result "1-0"]
[WhiteElo "2101"]
[BlackElo "1721"]

1. e4 e5 2. Nf3 Nc6 3. d4 g6 4. d5 Nb8 5. Bd3 Bg7 6. b3 d6 7. O-O Bg4 8. Nc3 h5
9. Bb2 h4 10. Bb5+ c6 11. dxc6 bxc6 12. Bc4 h3 13. g3 a6 14. Be2 Bxf3 15. Bxf3
Ra7 16. Ba3 Rd7 17. Bg4 Nf6 18. Bxd7+ Qxd7 19. Bxd6 Ng4 20. Bxb8 Qxd1 21. Raxd1
O-O 22. Bd6 Re8 23. Rfe1 Re6 24. Na4 Rf6 25. Re2 Rf3 26. Nc5 Bh6 27. Nxa6 f5 28.
exf5 Rxf5 29. Nb4 1-0

[Event "Challenge"]
[Site "http://www.queenalice.com/game.php?id=1245145"]
[Date "2014.1.3"]
[Round "-"]
[White "adelio"]
[Black "Werni"]
[Result "0-1"]
[WhiteElo "1719"]
[BlackElo "2102"]

1. b4 e5 2. b5 Bc5 3. e3 Nf6 4. Nc3 b6 5. Bb2 a6 6. Be2 axb5 7. Nxb5 Nc6 8. h4
Ba6 9. h5 O-O 10. Nf3 Re8 11. Ng5 h6 12. Nxf7 Kxf7 13. g4 Nb4 14. a3 Nbd5 15. g5
hxg5 16. h6 Rh8 17. Bxe5 gxh6 18. c4 Bxb5 19. cxd5 Bxe2 20. Qxe2 Bxa3 21. O-O d6
22. Bc3 Rg8 23. Qf3 Qe7 24. Bxf6 Qxf6 25. Qh5+ Kg7 26. f4 gxf4 27. Rxf4 Qxa1+
28. Kf2 Rgf8 29. Qg4+ Kh8 0-1

[Event "Challenge"]
[Site "http://www.queenalice.com/game.php?id=1251994"]
[Date "2014.1.28"]
[Round "-"]
[White "Werni"]
[Black "duschgel"]
[Result "1-0"]
[WhiteElo "2107"]
[BlackElo "1500"]

1. e4 c6 2. d4 d5 3. exd5 Qxd5 4. Nc3 Qa5 5. Bd2 Qd8 6. Nf3 Bg4 7. Ne4 Bxf3 8.
Qxf3 Qxd4 9. O-O-O Qa4 10. Nc3 Qh4 11. g3 Qf6 12. Bg2 e6 13. Bf4 1-0

[Event "Challenge"]
[Site "http://www.queenalice.com/game.php?id=1252027"]
[Date "2014.1.28"]
[Round "-"]
[White "duschgel"]
[Black "Werni"]
[Result "0-1"]
[WhiteElo "1500"]
[BlackElo "2106"]

1. c4 c5 2. g3 g6 3. Bg2 Bg7 4. Nc3 d6 5. Nf3 Nd7 6. O-O Ngf6 7. d3 O-O 8. e4 a6
9. h3 Qc7 10. Be3 b6 11. e5 dxe5 0-1

[Event "Challenge"]
[Site "http://www.queenalice.com/game.php?id=1267991"]
[Date "2014.3.25"]
[Round "-"]
[White "Werni"]
[Black "adelio"]
[Result "1-0"]
[WhiteElo "2108"]
[BlackElo "1684"]

1. e4 g6 2. d4 c5 3. dxc5 e5 4. Be3 Nc6 5. Bc4 Qe7 6. Nf3 h6 7. Nc3 Nf6 8. Nb5
Qd8 9. O-O Ng4 10. Qd5 Rh7 11. c3 a6 12. Nd6+ Bxd6 13. cxd6 b5 14. Bb3 Nxe3 15.
fxe3 Ra7 16. Nxe5 Nxe5 17. Qxe5+ Kf8 18. Bxf7 Rxf7 19. Qh8# 1-0

[Event "Challenge"]
[Site "http://www.queenalice.com/game.php?id=1267992"]
[Date "2014.3.25"]
[Round "-"]
[White "adelio"]
[Black "Werni"]
[Result "0-1"]
[WhiteElo "1804"]
[BlackElo "2109"]

1. b4 e6 2. b5 d5 3. Bb2 Nf6 4. a3 Bd6 5. Bxf6 Qxf6 6. Nc3 Be5 7. Rb1 Bxc3 8.
dxc3 Qxc3+ 9. Qd2 Qxa3 10. e3 O-O 11. Bd3 a5 12. Nf3 a4 13. h4 Qe7 14. h5 a3 15.
O-O Re8 16. e4 e5 17. exd5 Bg4 18. Ng5 h6 19. Nxf7 Bxh5 20. Nxh6+ gxh6 21. Qxh6
Qf7 22. f3 a2 23. Rb4 a1=Q 24. Qh7+ Qxh7 25. Bxh7+ Kxh7 26. Rxa1 Rxa1+ 27. Kh2
Bf7 28. Rh4+ Kg7 29. Rg4+ Bg6 30. Kg3 c6 31. c4 Ra3 32. bxc6 bxc6 33. dxc6 Nxc6
34. Kf2 Nd4 35. Rg3 Rc3 36. Rg4 Rxc4 37. f4 Rf8 38. g3 Rc2+ 39. Ke1 Ra8 40.
Rxg6+ Kxg6 41. f5+ Kg5 42. g4 Ra1# 0-1

[Event "Challenge"]
[Site "http://www.queenalice.com/game.php?id=1274541"]
[Date "2014.4.20"]
[Round "-"]
[White "Werni"]
[Black "mariuszhagel"]
[Result "1-0"]
[WhiteElo "2112"]
[BlackElo "2034"]

1. e4 e5 2. Nf3 Nc6 3. d4 exd4 4. Bc4 Bb4+ 5. c3 dxc3 6. bxc3 Ba5 7. O-O Nf6 8.
e5 Ng8 9. Qb3 Qe7 10. Ba3 d6 11. exd6 Qf6 12. Re1+ Be6 13. Qxb7 1-0

[Event "Challenge"]
[Site "http://www.queenalice.com/game.php?id=1275239"]
[Date "2014.4.22"]
[Round "-"]
[White "Werni"]
[Black "adelio"]
[Result "1-0"]
[WhiteElo "2123"]
[BlackElo "1838"]

1. e4 g6 2. d4 c5 3. dxc5 e5 4. Be2 Bxc5 5. Nf3 Nc6 6. O-O d6 7. Bc4 Be6 8. Bxe6
fxe6 9. Ng5 Qd7 10. a3 O-O-O 11. Nc3 h6 12. Nf3 Nf6 13. b4 Bxf2+ 14. Rxf2 Ng4
15. Rf1 Rdf8 16. h3 Nf6 17. b5 Ne7 18. Be3 b6 19. Qd2 d5 20. Bxh6 d4 21. Bxf8
Rxf8 22. Nxe5 Qd6 23. Ng4 Neg8 24. e5 Qc5 25. Na4 Qxb5 26. Qb4 Qxb4 27. axb4 Rd8
28. exf6 d3 29. f7 Rf8 30. fxg8=Q Rxg8 31. cxd3 Rd8 32. Rf7 Rxd3 33. Nxb6+ Kb8
34. Raxa7 Rd1+ 35. Kh2 e5 36. Ra8# 1-0

[Event "Challenge"]
[Site "http://www.queenalice.com/game.php?id=1276947"]
[Date "2014.4.28"]
[Round "-"]
[White "Werni"]
[Black "jova21"]
[Result "1-0"]
[WhiteElo "2126"]
[BlackElo "1923"]

1. e4 d6 2. d4 g6 3. Bb5+ Bd7 4. Bxd7+ Qxd7 5. Nc3 Nf6 6. Bg5 Bg7 7. Nf3 O-O 8.
O-O c6 9. Re1 Re8 10. Qe2 Na6 11. Rad1 Qc7 12. e5 dxe5 13. dxe5 Nd7 14. e6 Nf6
15. exf7+ Kxf7 16. Qe6+ Kf8 17. Ne5 1-0

[Event "Challenge"]
[Site "http://www.queenalice.com/game.php?id=1276948"]
[Date "2014.4.28"]
[Round "-"]
[White "jova21"]
[Black "Werni"]
[Result "0-1"]
[WhiteElo "1908"]
[BlackElo "2150"]

1. e4 c5 2. c3 d5 3. d4 dxe4 4. Bc4 cxd4 5. Ne2 d3 6. Ng3 Nf6 7. O-O a6 8. Re1
b5 9. Bb3 Bg4 10. Qd2 e6 11. Nxe4 Be7 12. Nxf6+ Bxf6 13. Qf4 Bh5 14. Be3 Nc6 15.
Bc5 Rc8 16. Qd6 Qxd6 17. Bxd6 Rd8 18. Bf4 O-O 19. Nd2 Bg6 20. a4 Rc8 21. axb5
axb5 22. h3 Ra8 23. Be3 Rfd8 24. Red1 Rf8 25. Kf1 b4 26. Bc5 Rxa1 27. Rxa1 Rc8
28. cxb4 Bxb2 29. Ra2 Nxb4 30. Rxb2 Rxc5 31. Nc4 h6 32. g3 Nc6 33. Nd2 Rc1+ 34.
Kg2 Nd4 35. Nf3 Be4 0-1

[Event "Challenge"]
[Site "http://www.queenalice.com/game.php?id=1279389"]
[Date "2014.5.6"]
[Round "-"]
[White "Werni"]
[Black "Zugswang"]
[Result "1-0"]
[WhiteElo "2132"]
[BlackElo "2275"]

1. e4 Nf6 2. e5 Nd5 3. c4 Nb6 4. c5 Nd5 5. Bc4 c6 6. d4 b5 7. Bxd5 cxd5 8. Qb3
e6 9. Qxb5 Nc6 10. Be3 Rb8 11. Qe2 Be7 12. Nc3 Rb4 13. Nf3 h6 14. Rb1 g5 15. O-O
g4 16. Nd2 h5 17. a3 Rb8 18. b4 f6 19. b5 Na5 20. Nxd5 exd5 21. exf6 Bxf6 22.
Bf4+ Kf7 23. Bxb8 Bxd4 24. Qd3 Qf6 25. Rb4 Bc3 26. Rf4 Qxf4 27. Bxf4 d4 28. Qf5+
1-0

[Event "Challenge"]
[Site "http://www.queenalice.com/game.php?id=1291167"]
[Date "2014.6.28"]
[Round "-"]
[White "Werni"]
[Black "Franzel"]
[Result "1-0"]
[WhiteElo "2155"]
[BlackElo "1443"]

1. e4 c6 2. Nc3 d5 3. Qf3 dxe4 4. Nxe4 Nf6 5. Nxf6+ exf6 6. Ne2 Bd6 7. Qe4+ Qe7
8. Ng3 O-O 9. Bd3 Qxe4+ 10. Nxe4 Bc7 11. O-O Be6 12. Re1 Nd7 13. b3 Ne5 14. Bf1
Bf5 15. d4 Ng6 16. Bd3 Bxe4 17. Bxe4 Rfe8 18. Bb2 Re7 19. Bxg6 hxg6 20. Rxe7
Bxh2+ 21. Kxh2 1-0

[Event "Challenge"]
[Site "http://www.queenalice.com/game.php?id=1291168"]
[Date "2014.6.28"]
[Round "-"]
[White "Franzel"]
[Black "Werni"]
[Result "0-1"]
[WhiteElo "1693"]
[BlackElo "2156"]

1. e4 c5 2. Nf3 g6 3. Nc3 Bg7 4. Bc4 Nc6 5. O-O d6 6. d3 Nf6 7. Bg5 O-O 8. h3
Qd7 9. Qd2 Rd8 10. Rfe1 b6 11. Bh6 Bxh6 12. Qxh6 Bb7 13. Nh4 Nd4 14. Rac1 b5 15.
Bd5 Nxd5 16. Nxd5 Rdb8 17. c3 Ne6 18. f4 Nf8 19. g4 Ne6 20. Kf2 Bxd5 21. exd5
Nc7 22. f5 Nxd5 23. fxg6 fxg6 24. Nxg6 e5 25. Nxe5 dxe5 26. Qg5+ Qg7 27. Rxe5
Rf8+ 28. Kg3 Nf4 29. Qxg7+ Kxg7 30. Rd1 Rad8 31. Rxc5 Rxd3+ 32. Rxd3 Nxd3 33.
Rxb5 Kh8 34. Rb7 Ne1 35. Rxa7 Rf3+ 36. Kh4 Ng2+ 37. Kg5 Rxh3 38. a4 Rd3 39. b4
Rd5+ 40. Kf6 Rd8 41. b5 Ne3 42. a5 Nxg4+ 43. Ke7 Rg8 44. Rd7 Rg7+ 45. Kd6 Rg6+
46. Kc7 Rg8 0-1

[Event "Challenge"]
[Site "http://www.queenalice.com/game.php?id=1293610"]
[Date "2014.7.9"]
[Round "-"]
[White "Werni"]
[Black "Zugswang"]
[Result "1/2-1/2"]
[WhiteElo "2160"]
[BlackElo "2102"]

1. e4 d6 2. d4 Nf6 3. Nc3 Nbd7 4. Bc4 e5 5. Nf3 h6 6. O-O Be7 7. dxe5 dxe5 8.
Qe2 c6 9. Rd1 Qc7 10. a3 b5 11. Ba2 Nc5 12. b4 Ne6 13. Nh4 Nd4 14. Qd3 g5 15.
Nf5 Bxf5 16. exf5 Rd8 17. Bb2 O-O 18. Ne4 Kg7 19. Ng3 a6 20. c4 c5 21. cxb5 Nxb5
22. Qc4 Nd4 23. bxc5 Qxc5 24. Qxa6 Qc2 25. Bxd4 Rxd4 26. Rdc1 Qb2 27. a4 Rfd8
28. Rcb1 Qc2 29. a5 Ng4 30. Qf1 Rd2 31. Rc1 Qb2 32. Qc4 Rxf2 33. Nh5+ Kh8 34.
Qxg4 Rdd2 35. Bd5 Rxd5 36. Rab1 Qe2 37. Qxe2 Rxe2 38. Rc6 Kh7 39. Rc7 Bd8 40.
Rxf7+ Kg8 41. Rg7+ Kf8 42. a6 Rdd2 43. Kh1 Rxg2 44. Rh7 Rxh2+ 45. Kg1 Rdg2+ 46.
Kf1 Rf2+ 47. Kg1 Rfg2+ 48. Kf1 Rf2+ 49. Kg1 Rfg2+ 50. Kf1 1/2-1/2

[Event "INCLIVEIS"]
[Site "http://www.queenalice.com/game.php?id=1293872"]
[Date "2014.7.10"]
[Round "-"]
[White "adelio"]
[Black "Werni"]
[Result "0-1"]
[WhiteElo "1723"]
[BlackElo "2159"]

1. d4 Nf6 2. c4 d5 3. Nc3 e6 4. a3 Be7 5. e3 Nbd7 6. Be2 dxc4 7. Nh3 e5 8. Ng5
exd4 9. Nxf7 Kxf7 10. Bxc4+ Kf8 11. exd4 Nb6 12. Bb3 c5 13. dxc5 Qxd1+ 14. Bxd1
Bxc5 15. O-O Bd7 16. Bf3 Bc6 17. Be3 Nbd7 18. Rad1 Bxf3 19. Bxc5+ Nxc5 20. gxf3
Kf7 21. h4 Rad8 22. Ne4 Ncxe4 23. fxe4 Nxe4 24. Rc1 Rd7 25. f3 Nf6 26. Rc4 Rhd8
27. Kg2 g6 28. Rf4 Rd2+ 29. Kg3 Rxb2 30. Re1 Rdd2 31. Rg1 Kg7 32. Rc4 Nh5+ 33.
Kg4 Rg2+ 34. Rxg2 Rxg2+ 35. Kh3 Rg3+ 36. Kh2 Rxf3 37. Rc7+ Rf7 38. Rc2 Kh6 39.
a4 Rf4 40. Kh3 Rxa4 41. Rf2 a5 42. Rh2 b5 43. Rh1 Ra3+ 44. Kh2 b4 45. Kg2 b3 46.
Kf3 b2+ 47. Ke4 Ra1 48. Rxa1 bxa1=Q 49. Kd5 Qe1 50. Kc4 Qb4+ 51. Kd3 a4 52. Kc2
a3 53. Kc1 Qb2+ 54. Kd1 a2 55. Ke1 a1=R# 0-1

[Event "OS INCLIVEIS"]
[Site "http://www.queenalice.com/game.php?id=1295024"]
[Date "2014.7.15"]
[Round "-"]
[White "adelio"]
[Black "Werni"]
[Result "0-1"]
[WhiteElo "1759"]
[BlackElo "2158"]

1. a3 e5 2. e4 Nf6 3. d3 Bc5 4. b4 Bb6 5. Be2 d5 6. Nc3 Bd4 7. Bd2 O-O 8. Nf3
dxe4 9. dxe4 Nc6 10. g3 Qe7 11. h3 Bxc3 12. Bxc3 Nxe4 13. Bd2 Rd8 14. Qc1 Nxd2
15. Nxd2 Nd4 16. Nf3 Nxe2 17. Kxe2 Re8 18. g4 Be6 19. Ng5 Bc4+ 20. Ke1 a5 21. h4
axb4 22. Qb1 h6 23. c3 hxg5 24. hxg5 e4 25. f4 exf3+ 26. Kf2 g6 27. Ra2 Bxa2 28.
Qxa2 Rxa3 29. Qc4 Qe3+ 30. Kg3 f2+ 31. Kg2 Rxc3 32. Qxf7+ Kxf7 33. Rh7+ Kg8 34.
Rh3 Qxh3+ 35. Kxf2 Rc2+ 36. Kg1 Re1# 0-1